[Event "FRM-chT 23rd"]
[Site "Struga"]
[Date "2014.07.14"]
[Round "1.3"]
[White "Semsiu, Agim"]
[Black "Stojcevski, Zoran"]
[Result "0-1"]
[WhiteElo "2044"]
[BlackElo "2312"]
[PlyCount "70"]
[EventDate "2014.07.14"]
[EventType "team-tourn"]
[EventRounds "5"]
[EventCountry "MKD"]
[SourceTitle "CBM 161 Extra"]
[Source "ChessBase"]
[SourceDate "2014.08.29"]
[SourceVersion "1"]
[SourceVersionDate "2014.08.29"]
[SourceQuality "1"]
[WhiteTeam "Kumanovo"]
[BlackTeam "Skopje Gambit"]
[WhiteTeamCountry "MKD"]
[BlackTeamCountry "MKD"]

1. e4 e5 2. Nf3 Nc6 3. Bb5 f5 4. d3 fxe4 5. dxe4 Nf6 6. Bg5 d6 7. Nc3 Be7 8. Bxf6 Bxf6 9. Qd5 Bd7 10. 0-0-0 a6 11. Bc4 Rf8 12. a3 b5 13. Ba2 b4 14. Ne2 bxa3 15. bxa3 Rb8 16. h4 Ne7 17. Qd2 Qc8 18. Qc3 Rb5 19. Qe3 Be6 20. Bxe6 Qxe6 21. Nc3 Ra5 22. a4 Kf7 23. Rd3 Rc5 24. Kd2 Rb8 25. Ng5+ Bxg5 26. hxg5 Kg8 27. g3 Rb2 28. Rb1 Qb3 29. Rxb2 Qxb2 30. f4 Nc6 31. Rd5 Nb4 32. Rxc5 dxc5 33. fxe5 Qxc2+ 34. Ke1 Nd3+ 35. Kf1 Qxc3 0-1

[Event "EU-Cup 28th"]
[Site "Eilat"]
[Date "2012.10.17"]
[Round "7.4"]
[White "Memeti, Kastriot"]
[Black "Stojcevski, Zoran"]
[Result "1-0"]
[WhiteElo "2189"]
[BlackElo "2325"]
[PlyCount "123"]
[EventDate "2012.10.11"]
[EventType "team-swiss"]
[EventRounds "7"]
[EventCountry "ISR"]
[SourceTitle "CBM 151"]
[Source "ChessBase"]
[SourceDate "2012.11.13"]
[SourceVersion "1"]
[SourceVersionDate "2012.11.13"]
[SourceQuality "1"]
[WhiteTeam "Amay"]
[BlackTeam "Gambit Asseco See"]
[WhiteTeamCountry "BEL"]
[BlackTeamCountry "MKD"]

1. d4 Nf6 2. Nf3 g6 3. Bf4 Bg7 4. e3 0-0 5. Be2 c5 6. c3 cxd4 7. cxd4 Qb6 8. Qc1 d6 9. Nc3 Nc6 10. 0-0 Nh5 11. Bg5 h6 12. Nd5 Qd8 13. Bh4 g5 14. Nd2 gxh4 15. Bxh5 Bf5 16. f4 e6 17. Nc3 Rc8 18. Bf3 d5 19. Nb3 Kh8 20. Qd2 b6 21. Rac1 Rg8 22. Be2 Ne7 23. Ba6 Rc7 24. Bd3 Bxd3 25. Qxd3 Nf5 26. Nb5 Rb7 27. Rc2 Bf8 28. Nd2 f6 29. Kf2 Rbg7 30. Rg1 a6 31. Nc3 b5 32. Nf3 Qe8 33. Nxd5 Qd8 34. Nc3 Qe8 35. Ne4 Qg6 36. Rc6 Nd6 37. Nc5 f5 38. Nxh4 Qf6 39. Nf3 a5 40. g3 Qg6 41. Ne5 Qh5 42. Rg2 Qe8 43. d5 exd5 44. Qxd5 Kh7 45. Rxd6 Bxd6 46. Qxd6 Qc8 47. Ned3 Rc7 48. Qe6 Rxc5 49. Qe7+ Rg7 50. Qxc5 Rc7 51. Qd5 b4 52. Ke1 a4 53. Rd2 b3 54. axb3 axb3 55. Qxb3 Qa8 56. Qe6 Qh1+ 57. Ke2 Qxh2+ 58. Nf2 Qh5+ 59. g4 fxg4 60. Rd7+ Rxd7 61. Qxd7+ Kh8 62. Nxg4 1-0

[Event "EU-Cup 28th"]
[Site "Eilat"]
[Date "2012.10.16"]
[Round "6.4"]
[White "Kasimdzhanov, Rustam"]
[Black "Stojcevski, Zoran"]
[Result "1-0"]
[WhiteElo "2690"]
[BlackElo "2325"]
[PlyCount "65"]
[EventDate "2012.10.11"]
[EventType "team-swiss"]
[EventRounds "7"]
[EventCountry "ISR"]
[SourceTitle "CBM 151"]
[Source "ChessBase"]
[SourceDate "2012.11.13"]
[SourceVersion "1"]
[SourceVersionDate "2012.11.13"]
[SourceQuality "1"]
[WhiteTeam "Baden-Baden"]
[BlackTeam "Gambit Asseco See"]
[WhiteTeamCountry "GER"]
[BlackTeamCountry "MKD"]

1. Nf3 d5 2. c4 c6 3. d4 Nf6 4. Nc3 dxc4 5. a4 Bf5 6. e3 e6 7. Bxc4 Nbd7 8. 0-0 Bd6 9. Re1 Ne4 10. Bd3 Nxc3 11. bxc3 Bxd3 12. Qxd3 Qe7 13. e4 e5 14. Bg5 f6 15. Be3 0-0 16. Rab1 b6 17. Qc4+ Kh8 18. Qxc6 Rac8 19. Qd5 Rxc3 20. Red1 Rc7 21. dxe5 Bxe5 22. a5 bxa5 23. Qxa5 Rfc8 24. h4 Bc3 25. Qf5 a5 26. Bf4 Ne5 27. Rb7 Rd8 28. Rxd8+ Qxd8 29. Rxc7 Qxc7 30. Ng5 g6 31. Qxf6+ Qg7 32. Qd8+ Qg8 33. Qd6 1-0

[Event "EU-Cup 28th"]
[Site "Eilat"]
[Date "2012.10.15"]
[Round "5.4"]
[White "Stojcevski, Zoran"]
[Black "Dizdarevic, Emir"]
[Result "0-1"]
[WhiteElo "2325"]
[BlackElo "2491"]
[PlyCount "158"]
[EventDate "2012.10.11"]
[EventType "team-swiss"]
[EventRounds "7"]
[EventCountry "ISR"]
[SourceTitle "CBM 151"]
[Source "ChessBase"]
[SourceDate "2012.11.13"]
[SourceVersion "1"]
[SourceVersionDate "2012.11.13"]
[SourceQuality "1"]
[WhiteTeam "Gambit Asseco See"]
[BlackTeam "Siroki Brijeg"]
[WhiteTeamCountry "MKD"]
[BlackTeamCountry "BIH"]

1. e4 c6 2. d4 d5 3. e5 c5 4. dxc5 e6 5. Be3 Ne7 6. c3 Nd7 7. b4 Nxe5 8. f4 Nf5 9. Bf2 Ng6 10. g3 e5 11. fxe5 Nxe5 12. Nf3 Nc6 13. g4 Nh6 14. h3 Be7 15. Qd2 Ng8 16. Qf4 Nf6 17. Nbd2 0-0 18. Bd3 d4 19. Nxd4 Nd5 20. Qf3 Nxd4 21. cxd4 Nxb4 22. Be4 Bf6 23. Rb1 Nc6 24. d5 Ne5 25. Qe2 Qa5 26. 0-0 b6 27. c6 Ba6 28. Qe3 Bxf1 29. Rxf1 Rad8 30. Nf3 Rxd5 31. Bxd5 Qxd5 32. Nxe5 Bxe5 33. Rc1 Rc8 34. Qb3 Qd2 35. Rc4 h6 36. a4 Bc7 37. Qf3 Rd8 38. Kg2 Rd3 39. Qe4 Rg3+ 40. Kf1 Rxh3 41. Qe8+ Kh7 42. Qe4+ g6 43. Rd4 Qc1+ 44. Be1 Re3 45. Rd1 Qc5 46. Qd5 Qxd5 47. Rxd5 Re6 48. Rd7 Rxc6 49. Rxf7+ Kg8 50. Rd7 Kf8 51. Kg2 Ke8 52. Rh7 g5 53. Kf3 a5 54. Bd2 Bf4 55. Be1 Kd8 56. Bf2 Re6 57. Bd4 Kc8 58. Bf2 Bc7 59. Bg1 Rc6 60. Ke4 Rc4+ 61. Bd4 Rxa4 62. Kd5 Ra2 63. Rxh6 Rd2 64. Rg6 Bd8 65. Ke4 b5 66. Be3 Re2 67. Kf3 Rb2 68. Bd4 Rc2 69. Ke4 b4 70. Kd3 Rg2 71. Rg8 Kd7 72. Kc4 Rxg4 73. Kd5 Rg2 74. Rg7+ Kc8 75. Kc6 Rc2+ 76. Bc5 b3 77. Ra7 Rxc5+ 78. Kxc5 b2 79. Ra8+ Kb7 0-1

[Event "FRM-chT 21st"]
[Site "Struga"]
[Date "2012.07.22"]
[Round "7.5"]
[White "Stojcevski, Zoran"]
[Black "Trajkoski, Slave"]
[Result "1-0"]
[WhiteElo "2312"]
[BlackElo "2324"]
[PlyCount "81"]
[EventDate "2012.07.16"]
[EventType "team-tourn"]
[EventRounds "7"]
[EventCountry "MKD"]
[SourceTitle "CBM 149 Extra"]
[Source "ChessBase"]
[SourceDate "2012.08.24"]
[SourceVersion "1"]
[SourceVersionDate "2012.08.24"]
[SourceQuality "1"]
[WhiteTeam "Skopje Aseko See"]
[BlackTeam "Skopje Kisela Voda"]
[WhiteTeamCountry "MKD"]
[BlackTeamCountry "MKD"]

1. e4 c5 2. Nf3 Nc6 3. d4 cxd4 4. Nxd4 g6 5. c4 Bg7 6. Be3 d6 7. Nc3 Nf6 8. Be2 0-0 9. Qd2 Nxd4 10. Bxd4 Be6 11. Rc1 Qa5 12. f3 Rfc8 13. b3 Nd7 14. Be3 Qd8 15. 0-0 a5 16. Rc2 Nc5 17. Rb1 f5 18. Bd3 Qf8 19. Nd5 Bxd5 20. exd5 Be5 21. Bf1 f4 22. Bf2 Qf6 23. a3 a4 24. b4 Nb3 25. Qd3 Bd4 26. Rd1 Bb2 27. c5 Bxa3 28. c6 b5 29. Qxb5 Rcb8 30. Bb6 Bb2 31. c7 Rc8 32. Qc4 Be5 33. Bf2 g5 34. b5 Nc5 35. b6 Nb7 36. Qc6 Na5 37. Qxa4 Nb7 38. Qc6 Na5 39. Qd7 Qg6 40. Bd3 Qf7 41. Ba6 1-0

[Event "FRM-chT 21st"]
[Site "Struga"]
[Date "2012.07.21"]
[Round "6.5"]
[White "Koteski, Djorgji"]
[Black "Stojcevski, Zoran"]
[Result "1/2-1/2"]
[WhiteElo "2276"]
[BlackElo "2312"]
[PlyCount "74"]
[EventDate "2012.07.16"]
[EventType "team-tourn"]
[EventRounds "7"]
[EventCountry "MKD"]
[SourceTitle "CBM 149 Extra"]
[Source "ChessBase"]
[SourceDate "2012.08.24"]
[SourceVersion "1"]
[SourceVersionDate "2012.08.24"]
[SourceQuality "1"]
[WhiteTeam "Prilep"]
[BlackTeam "Skopje Aseko See"]
[WhiteTeamCountry "MKD"]
[BlackTeamCountry "MKD"]

1. Nf3 Nf6 2. g3 b6 3. Bg2 Bb7 4. 0-0 d6 5. d3 g6 6. e4 Bg7 7. h3 Nbd7 8. c4 0-0 9. Nc3 e5 10. Be3 Nc5 11. Qd2 Nh5 12. b4 Ne6 13. Ng5 Nef4 14. Nf3 Nxg2 15. Kxg2 f5 16. Bg5 Qd7 17. Nd5 c6 18. Nc3 Rf7 19. Nh2 Raf8 20. f3 h6 21. Bxh6 Bc8 22. exf5 Bxh6 23. Qxh6 Rh7 24. Qxg6+ Kh8 25. Ne4 Nf4+ 26. gxf4 Rg7 27. Ng4 Rxg6 28. fxg6 Rxf4 29. Nef6 Rxf6 30. Nxf6 Qxh3+ 31. Kf2 Qh4+ 32. Ke2 Qxf6 33. Rh1+ Kg7 34. Rag1 Bb7 35. Rh7+ Kg8 36. Rxb7 Qh4 37. Rg2 Qh3 1/2-1/2

[Event "FRM-chT 21st"]
[Site "Struga"]
[Date "2012.07.19"]
[Round "4.4"]
[White "Stojcevski, Zoran"]
[Black "Stojchev, Goce"]
[Result "1-0"]
[WhiteElo "2312"]
[BlackElo "2250"]
[PlyCount "59"]
[EventDate "2012.07.16"]
[EventType "team-tourn"]
[EventRounds "7"]
[EventCountry "MKD"]
[SourceTitle "CBM 149 Extra"]
[Source "ChessBase"]
[SourceDate "2012.08.24"]
[SourceVersion "1"]
[SourceVersionDate "2012.08.24"]
[SourceQuality "1"]
[WhiteTeam "Skopje Aseko See"]
[BlackTeam "Kochani"]
[WhiteTeamCountry "MKD"]
[BlackTeamCountry "MKD"]

1. e4 e6 2. d4 d5 3. Nc3 dxe4 4. Nxe4 Nf6 5. Nxf6+ gxf6 6. Nf3 Bg7 7. Be3 b6 8. Bb5+ c6 9. Bd3 Bb7 10. Qd2 Qe7 11. 0-0-0 Nd7 12. Rhe1 Nf8 13. d5 cxd5 14. Bb5+ Nd7 15. Nd4 0-0-0 16. Bf4 Ne5 17. Re3 Rd6 18. Rg3 Rg8 19. Re1 Qd8 20. Qb4 Kb8 21. Rxg7 Rxg7 22. Rxe5 fxe5 23. Bxe5 Rxg2 24. Bxd6+ Ka8 25. Nc6 Qc8 26. Qa4 a6 27. Ne7 Qd8 28. Bc6 Ka7 29. Bxb7 Kxb7 30. Qc6+ 1-0